Principles of Electronics (Record no. 14709)
[ view plain ]
| 000 -LEADER | |
|---|---|
| fixed length control field | 00406nam a22001697a 4500 |
| 020 ## - INTERNATIONAL STANDARD BOOK NUMBER | |
| ISBN | 8121924502 |
| 020 ## - INTERNATIONAL STANDARD BOOK NUMBER | |
| ISBN | 9788121924504 |
| 082 ## - DEWEY DECIMAL CLASSIFICATION NUMBER | |
| Classification number | 621.381 |
| Item number | MEH/PR |
| 100 ## - MAIN ENTRY--AUTHOR NAME | |
| Personal name | Mehta V.K |
| 100 ## - MAIN ENTRY--AUTHOR NAME | |
| Personal name | Rohit Mehta |
| 245 ## - TITLE STATEMENT | |
| Title | Principles of Electronics |
| 250 ## - EDITION STATEMENT | |
| Edition statement | 11 |
| 260 ## - PUBLICATION, DISTRIBUTION, ETC. (IMPRINT) | |
| Place of publication | New Delhi |
| Name of publisher | S.Chand & Company |
| Year of publication | 2013 |
| 300 ## - PHYSICAL DESCRIPTION | |
| Number of Pages | 778 |
| 500 ## - GENERAL NOTE | |
| General note | Multicolour Revised Edition |
| 942 ## - ADDED ENTRY ELEMENTS (KOHA) | |
| Koha item type | Book Bank scheme for SC students |
| Withdrawn status | Lost status | Damaged status | Home library | Current library | Shelving location | Date acquired | Source of acquisition | Cost, normal purchase price | Full call number | Accession Number | Koha item type | Collection code |
|---|---|---|---|---|---|---|---|---|---|---|---|---|
| KAUAET | KAUAET | Scheme | 19/08/2016 | Penta Books Distributors, Calicut. | 495.00 | 621.381 MEH/PR | BB 401 | Book Bank scheme for SC students | ||||
| KAUAET | KAUAET | Scheme | 05/09/2016 | Penta Books Distributors, Calicut. | 300.00 | 621.381 MEH/PR | BB 104 | Book Bank scheme for SC students | ||||
| KAUAET | KAUAET | Scheme | 05/09/2016 | Penta Books Distributors, Calicut. | 300.00 | 621.381 MEH/PR | BB 105 | Book Bank scheme for SC students | ||||
| KAUAET | KAUAET | General Stacks | 30/03/2017 | Penta Book Distributors | 625.00 | 621.381 MEH/PR | 25546 | Books | ||||
| KAUAET | KAUAET | General Stacks | 30/03/2017 | Penta Book Distributors | 625.00 | 621.381 MEH/PR | 25547 | Books | ||||
| KAUAET | KAUAET | General Stacks | 30/03/2017 | Penta Book Distributors | 625.00 | 621.381 MEH/PR | 25548 | Books | ||||
| KAUAET | KAUAET | General Stacks | 30/03/2017 | Penta Book Distributors | 625.00 | 621.381 MEH/PR | 25549 | Books | ||||
| KAUAET | KAUAET | General Stacks | 30/03/2017 | Penta Book Distributors | 625.00 | 621.381 MEH/PR | 25550 | Books |
